Southville International School and Colleges
Your cart is empty.
  • Cart
  • Lists
    Public lists Eva Luna New books Lux_list list_1
    Your lists Log in to create your own lists
  • Log in to your account
  • Your cookies
  • Search history
Southville International School and Colleges
  • Advanced search
  • Recent comments
  • Most popular
  • Libraries

Log in to your account

Log in with GOOGLE


If you do not have an external account, but do have a local account, you can still log in:

  1. Home
  2. MARC view: Tourism marketing for cities and towns:
Normal view MARC view ISBD view

Tourism marketing for cities and towns: (Record no. 21650)

[ view plain ]
MARC details
000 -LEADER
fixed length control field 00559nam a2200193 a 4500
005 - DATE AND TIME OF LATEST TRANSACTION
control field 20140310183334.0
008 - FIXED-LENGTH DATA ELEMENTS--GENERAL INFORMATION
fixed length control field 060908s19uu xx 00 eng d
020 ## - INTERNATIONAL STANDARD BOOK NUMBER
International Standard Book Number 978-0-7506-7945-9
050 ## - LIBRARY OF CONGRESS CALL NUMBER
Classification number HT 325
Item number .K65 2006
100 ## - MAIN ENTRY--PERSONAL NAME
Personal name Kolb, Bonita M.
245 ## - TITLE STATEMENT
Title Tourism marketing for cities and towns:
Remainder of title using branding and events to attract tourists.
260 ## - PUBLICATION, DISTRIBUTION, ETC. (IMPRINT)
Place of publication, distribution, etc Amsterdam :
Name of publisher, distributor, etc Elsevier,
Date of publication, distribution, etc 2006.
300 ## - PHYSICAL DESCRIPTION
Extent 310 p. :
Dimensions 22 cm.
521 ## - TARGET AUDIENCE NOTE
Target audience note
650 ## - SUBJECT ADDED ENTRY--TOPICAL TERM
Topical term or geographic name as entry element City
General subdivision Promotion.
650 ## - SUBJECT ADDED ENTRY--TOPICAL TERM
Topical term or geographic name as entry element Tourism marketing.
942 ## - ADDED ENTRY ELEMENTS (KOHA)
Koha item type Books
Source of classification or shelving scheme Library of Congress Classification
Call number prefix Foreign
Holdings
Withdrawn status Lost status Source of classification or shelving scheme Damaged status Home library Current library Shelving location Date acquired Source of acquisition Total Checkouts Full call number Barcode Date last seen Copy number Price effective from Koha item type
    Library of Congress Classification   College Library College Library General Circulation Section 10/18/2010 Donation   HT 325 .K65 2006 C7619 05/15/2018 1 03/10/2014 Books

Tourism marketing for cities and towns:

APA

Kolb B. M., . (2006). Tourism marketing for cities and towns. Amsterdam: Elsevier.

Chicago

Kolb Bonita M, . 2006. Tourism marketing for cities and towns. Amsterdam: Elsevier.

Harvard

Kolb B. M., . (2006). Tourism marketing for cities and towns. Amsterdam: Elsevier.

MLA

Kolb Bonita M, . Tourism marketing for cities and towns. Amsterdam: Elsevier. 2006.

  • Place hold
  • Print
  • Cite
  • Add to your cart (remove)
  • Save record
    BIBTEX Dublin Core MARCXML MARC (non-Unicode/MARC-8) MARC (Unicode/UTF-8) MARC (Unicode/UTF-8, Standard) MODS (XML) RIS
  • More searches
    Search for this title in:
    Other Libraries (WorldCat) Other Databases (Google Scholar) Online Stores (Bookfinder.com) Open Library (openlibrary.org)

Exporting to Dublin Core...

SOUTHVILLE LIBRARY

Southville International School and Colleges Library

1281 Tropical Ave. Cor. Luxembourg St., BF Homes International, Las Pinas City

Tel. No. 8256374 / 252358 Loc. 117/146

Powered by Koha